| 000 | 00818nam a22002417a 4500 | ||
|---|---|---|---|
| 003 | OSt | ||
| 005 | 20150408114216.0 | ||
| 008 | 121129s2013 enka g b 001 0 eng | ||
| 020 | _a9780702045516 | ||
| 040 | _aMa-Un | ||
| 082 | 0 | 0 |
_222 _a610.711 _bPRG |
| 245 | 0 | 2 |
_aA practical guide for medical teachers / _cedited by John A. Dent, Ronald M. Harden ; foreword by Brian Hodges. |
| 250 | _a4th ed. | ||
| 260 |
_aLondon : _bChurchill Livingstone, _c2013. |
||
| 300 |
_axvii, 436 p. : _bill. ; _c25 cm. |
||
| 504 | _aIncludes bibliographical references and index. | ||
| 650 |
_aEducation, Medical _xmethods. _944622 |
||
| 650 |
_aTeaching _xmethods. _910103 |
||
| 700 | 1 |
_aDent, John A. _cMMedEd. _eeditor. _944623 |
|
| 700 | 1 |
_aHarden, Ronald M. _eeditor. _944624 |
|
| 700 | 1 |
_aHodges, Brian _944625 |
|
| 942 |
_2ddc _cBOOK |
||
| 999 |
_c34872 _d269372 |
||